Представление документа в формате RUSMARC

ПолеНазваниеЗначение
  Тип записи a
  Библиографический уровень a
001 Контрольный номер RU/CBS_Ul/BASE/511717339
005 Дата корректировки 20240209175158.1
100 Данные общей обработки __
a Данные общей обработки 20160319d2016 ||| 0rusy0189 ca
101 Язык документа 0_
a Язык текста rus
102 Страна публикации __
a Страна публикации RU
105 Кодированные данные (монография) __
a Кодированные данные (монография) y###||||000|y
200 Заглавие и сведения об ответственности 1_
a Заглавие По градам и весям Древней Руси
b Общее обозначение материала Текст
e Сведения, относящиеся к заглавию [Куликовская битва; Бунташское столетие]
f Первые сведения об ответственности Н. Яковлева
300 Общие примечания __
a Общие примечания Ограничения по возрасту - 12+
461 Уровень набора _0
1 2000
a Наука и религия
463 Уровень физической единицы _0
1 001RU/CBS_Ul/BASE/511703212
1 2000
a № 2. - С. - 33-37 ; №5. - С. 24-28 ; №6. - С. 28-32
1 210
d 2016
606 Тематические рубрики 0_
a Основная рубрика Куликовская битва - 1380
z Хронологическая подрубрика 1380 г.
610 Ключевые слова 0_
a Ключевые слова битвы
a Ключевые слова Куликовская битва
a Ключевые слова Бунташское столетие
a Ключевые слова побоище
610 Ключевые слова 0_
a Ключевые слова куликово поле
686 Индексы других классификаций __
a Классификационный индекс 63.3(2)43
2 Код системы ББК
700 Автор _1
a Фамилия Яковлева
b Имя (инициалы) Н.
801 Источник записи _0
a Страна RU
b Организация МБУК ЦБС г. Ульяновска
c Дата составления 20160319
g Правила каталогизации RCR
801 Источник записи _1
a Страна RU
b Организация МБУК ЦБС г. Ульяновска
c Дата составления 20160319
g Правила каталогизации RCR
901 Тип документа __
t Тип документа b
w Контрольный № источника RU/CBS_Ul/BASE/511703212
910 Корректоры записи __
a Корректор записи admin2
938 Служебная информация __
a Имя БД period